000 01290nam a2200205 a 4500
001 56882
005 20180714052841.0
008 140415s2009 mx 000 0 spa d
020 _a9786072002661
041 _aspa
082 _a972.5215
_bART
100 1 _aARTIGAS, JUAN B.
245 1 0 _aUNAM MEXICO :
_bGUIA DE SITIOS Y ESPACIOS: EDIFICIOS ANTIGUOS CIUDAD UNIVERSITARIA, CENTRO CULTURAL UNIVERSITARIO E INVESTIGACION Y DESARROLLO. CU EN LA LISTA DE PATRIMONIO MUNDIAL DE LA UNESCO
250 _a2a ed.
260 _aMEXICO :
_bUNIVERSIDAD NACIONAL AUTONOMA DE MEXICO,
_c2009
300 _a405
_c20.5 x 1.7 x 27.2
490 _aCOL. PUEBLA
520 _aEL SIGLO PASADO, A MEDIADOS DE LA DECADA DE LOS AÑOS CUARENTA, SE COMENZO A GESTAR LA IDEA DE CONSTRUIR CIUDAD UNIVEITARIA . PARA ALGUNOS, ESO ERA POCO SENSATO Y NADA ACONSEJABLE.LAS EDIFICACIONNES A LAS QUE SE HACE REFERENCIA EN ESTE LIBRO, SE HAN AGREGADO ESPACIOS ADICIONALES A LO LARGO DE MAS DE CINCO DECADAS. ESTEAS PAGINAS TAMBIEN VERSAN SOBRE EL CENTRO CULTURAL UNIVERSITARIO, EL PASEO Y EL ESPACIO ESCULTORICO, ASI COMO CINCO INSTALACIONES UBICADAS FUERA DE CIUDAD UNIVERSITARIA. M
650 1 4 _aUNIVERSIDAD NACIONAL AUTONAMA DE MEXICO
_xEDIFICIOS, ESTRUCT
_xMEXICO (D.F.)
_xEDIFICIOS, ESTRUCTURAS, ETC.
999 _c56882
_d56882